| 000 | 00638nam a2200229 a 4500 | ||
|---|---|---|---|
| 999 |
_c1262 _d1262 |
||
| 008 | 191213t2013 ii ad||g |||| 001 0 eng d | ||
| 020 |
_a9788126537075 _cRs. 699.00 |
||
| 040 |
_aKO _beng |
||
| 041 | 0 | _aeng | |
| 044 | _aii | ||
| 082 | 0 | 4 |
_223 _a519.5 _bB5611 |
| 100 | 1 | _aBlack, Ken | |
| 245 | 1 | 0 |
_aApplied Business Statistics : _bmaking better business decisions / _cKen Black |
| 250 | _a7th ed. | ||
| 260 |
_aNew Delhi : _bWiley India Pvt. Ltd. , _c2013. |
||
| 300 |
_axxiii, 850 p. ; _bill. ; _c26 cm. |
||
| 504 | _aIncludes Index. | ||
| 650 | 0 |
_aCommercial statistics _vTextbooks |
|
| 904 | _aA_BOSE | ||
| 942 | _cBK | ||